<?xml version="1.0" encoding="UTF-8"?>
<record
    xmlns:xsi="http://www.w3.org/2001/XMLSchema-instance"
    xsi:schemaLocation="http://www.loc.gov/MARC21/slim http://www.loc.gov/standards/marcxml/schema/MARC21slim.xsd"
    xmlns="http://www.loc.gov/MARC21/slim">

  <leader>01194nam a22002537a 4500</leader>
  <datafield tag="952" ind1=" " ind2=" ">
    <subfield code="0">0</subfield>
    <subfield code="1">0</subfield>
    <subfield code="4">0</subfield>
    <subfield code="7">0</subfield>
    <subfield code="a">09</subfield>
    <subfield code="b">09</subfield>
    <subfield code="d">2017-04-28</subfield>
    <subfield code="l">0</subfield>
    <subfield code="o">QA276.12 G37</subfield>
    <subfield code="p">09 004585</subfield>
    <subfield code="r">2017-04-28</subfield>
    <subfield code="t">1</subfield>
    <subfield code="w">2017-04-28</subfield>
    <subfield code="y">LB</subfield>
  </datafield>
  <datafield tag="952" ind1=" " ind2=" ">
    <subfield code="0">0</subfield>
    <subfield code="1">0</subfield>
    <subfield code="2">lcc</subfield>
    <subfield code="4">0</subfield>
    <subfield code="7">0</subfield>
    <subfield code="a">12</subfield>
    <subfield code="b">12</subfield>
    <subfield code="d">2017-10-05</subfield>
    <subfield code="l">0</subfield>
    <subfield code="o">QA276.12 G37</subfield>
    <subfield code="p">24 000180</subfield>
    <subfield code="r">2023-09-22</subfield>
    <subfield code="t">1</subfield>
    <subfield code="w">2017-10-05</subfield>
    <subfield code="y">LB</subfield>
  </datafield>
  <datafield tag="952" ind1=" " ind2=" ">
    <subfield code="0">0</subfield>
    <subfield code="1">0</subfield>
    <subfield code="4">0</subfield>
    <subfield code="7">0</subfield>
    <subfield code="a">07</subfield>
    <subfield code="b">07</subfield>
    <subfield code="d">2017-11-29</subfield>
    <subfield code="l">1</subfield>
    <subfield code="o">QA276.12 G37</subfield>
    <subfield code="p">07 006344</subfield>
    <subfield code="r">2019-05-27</subfield>
    <subfield code="s">2019-05-27</subfield>
    <subfield code="t">1</subfield>
    <subfield code="w">2017-11-29</subfield>
    <subfield code="y">LB</subfield>
  </datafield>
  <datafield tag="952" ind1=" " ind2=" ">
    <subfield code="0">0</subfield>
    <subfield code="1">0</subfield>
    <subfield code="4">0</subfield>
    <subfield code="7">0</subfield>
    <subfield code="a">08</subfield>
    <subfield code="b">08</subfield>
    <subfield code="d">2018-02-16</subfield>
    <subfield code="l">0</subfield>
    <subfield code="o">QA276.12 G37</subfield>
    <subfield code="p">08 006560</subfield>
    <subfield code="r">2018-02-16</subfield>
    <subfield code="t">1</subfield>
    <subfield code="w">2018-02-16</subfield>
    <subfield code="y">LB</subfield>
  </datafield>
  <datafield tag="952" ind1=" " ind2=" ">
    <subfield code="0">0</subfield>
    <subfield code="1">0</subfield>
    <subfield code="4">0</subfield>
    <subfield code="7">0</subfield>
    <subfield code="a">22</subfield>
    <subfield code="b">22</subfield>
    <subfield code="d">2018-03-06</subfield>
    <subfield code="l">2</subfield>
    <subfield code="o">QA276.12 G37</subfield>
    <subfield code="p">06 003846</subfield>
    <subfield code="r">2019-05-21</subfield>
    <subfield code="s">2019-05-21</subfield>
    <subfield code="t">1</subfield>
    <subfield code="w">2018-03-06</subfield>
    <subfield code="y">LB</subfield>
  </datafield>
  <datafield tag="952" ind1=" " ind2=" ">
    <subfield code="0">0</subfield>
    <subfield code="1">0</subfield>
    <subfield code="2">lcc</subfield>
    <subfield code="4">0</subfield>
    <subfield code="7">0</subfield>
    <subfield code="a">01</subfield>
    <subfield code="b">01</subfield>
    <subfield code="d">2022-12-01</subfield>
    <subfield code="l">0</subfield>
    <subfield code="o">QA273 G379 2014</subfield>
    <subfield code="p">16 003725</subfield>
    <subfield code="r">2023-07-13</subfield>
    <subfield code="t">1</subfield>
    <subfield code="w">2022-12-01</subfield>
    <subfield code="y">LB</subfield>
  </datafield>
  <datafield tag="952" ind1=" " ind2=" ">
    <subfield code="0">0</subfield>
    <subfield code="1">0</subfield>
    <subfield code="2">lcc</subfield>
    <subfield code="4">0</subfield>
    <subfield code="7">0</subfield>
    <subfield code="a">01</subfield>
    <subfield code="b">01</subfield>
    <subfield code="d">2022-12-01</subfield>
    <subfield code="l">0</subfield>
    <subfield code="o">QA273 G379 2014</subfield>
    <subfield code="p">16 003726</subfield>
    <subfield code="r">2023-07-13</subfield>
    <subfield code="t">2</subfield>
    <subfield code="w">2022-12-01</subfield>
    <subfield code="y">LB</subfield>
  </datafield>
  <datafield tag="952" ind1=" " ind2=" ">
    <subfield code="0">0</subfield>
    <subfield code="1">0</subfield>
    <subfield code="2">lcc</subfield>
    <subfield code="4">0</subfield>
    <subfield code="7">0</subfield>
    <subfield code="a">01</subfield>
    <subfield code="b">01</subfield>
    <subfield code="d">2022-12-01</subfield>
    <subfield code="l">0</subfield>
    <subfield code="o">QA273 G379 2014</subfield>
    <subfield code="p">16 003727</subfield>
    <subfield code="r">2023-07-13</subfield>
    <subfield code="t">3</subfield>
    <subfield code="w">2022-12-01</subfield>
    <subfield code="y">LB</subfield>
  </datafield>
  <datafield tag="999" ind1=" " ind2=" ">
    <subfield code="c">93473</subfield>
    <subfield code="d">93473</subfield>
  </datafield>
  <controlfield tag="005">20231102151709.0</controlfield>
  <controlfield tag="008">140813s2014    mx a||||r|||| 00| 0 spa d</controlfield>
  <datafield tag="020" ind1=" " ind2=" ">
    <subfield code="a">9786073227834</subfield>
  </datafield>
  <datafield tag="050" ind1=" " ind2="4">
    <subfield code="a">QA276.12</subfield>
    <subfield code="b">G37</subfield>
  </datafield>
  <datafield tag="100" ind1="1" ind2=" ">
    <subfield code="a">Garza Olvera, Benjam&#xED;n</subfield>
    <subfield code="e">autor</subfield>
    <subfield code="9">9700</subfield>
  </datafield>
  <datafield tag="245" ind1="1" ind2="0">
    <subfield code="a">Estad&#xED;stica y probabilidad</subfield>
    <subfield code="c"> / Benjam&#xED;n, Garza Olvera</subfield>
  </datafield>
  <datafield tag="260" ind1="3" ind2=" ">
    <subfield code="a">M&#xE9;xico</subfield>
    <subfield code="b"> : Pearson Educaci&#xF3;n</subfield>
    <subfield code="c">, 2014</subfield>
  </datafield>
  <datafield tag="300" ind1=" " ind2=" ">
    <subfield code="a">viii, 288 p&#xE1;ginas</subfield>
    <subfield code="b">: ilustraciones</subfield>
  </datafield>
  <datafield tag="505" ind1=" " ind2=" ">
    <subfield code="a">Estad&#xED;stica
Probabilidad</subfield>
  </datafield>
  <datafield tag="519" ind1=" " ind2=" ">
    <subfield code="a">Plan Flexible / </subfield>
    <subfield code="b">Mercadotecnia Digital / </subfield>
    <subfield code="c">Estad&#xED;stica Descriptiva (M05-3) / </subfield>
    <subfield code="d">(08 006560) </subfield>
  </datafield>
  <datafield tag="519" ind1=" " ind2=" ">
    <subfield code="a">Plan Flexible / </subfield>
    <subfield code="b">Mercadotecnia Digital / </subfield>
    <subfield code="c">Estad&#xED;stica Descriptiva (M05-3) / </subfield>
    <subfield code="d">(09 004585) </subfield>
  </datafield>
  <datafield tag="519" ind1=" " ind2=" ">
    <subfield code="a">Plan Flexible / </subfield>
    <subfield code="b">Mercadotecnia Digital / </subfield>
    <subfield code="c">Estad&#xED;stica Descriptiva (M05-3) / </subfield>
    <subfield code="d">(06 003846) </subfield>
  </datafield>
  <datafield tag="519" ind1=" " ind2=" ">
    <subfield code="a">Plan Flexible / </subfield>
    <subfield code="b">Mercadotecnia Digital / </subfield>
    <subfield code="c">Estad&#xED;stica Descriptiva (M05-3) / </subfield>
    <subfield code="d">(07 006344) </subfield>
  </datafield>
  <datafield tag="519" ind1=" " ind2=" ">
    <subfield code="a">Plan Flexible / </subfield>
    <subfield code="b">Inform&#xE1;tica / </subfield>
    <subfield code="c">Estad&#xED;stica (LI315-2) / </subfield>
    <subfield code="d">(24 000180) </subfield>
  </datafield>
  <datafield tag="650" ind1="1" ind2="4">
    <subfield code="a">ESTAD&#xCD;STICA</subfield>
    <subfield code="9">665</subfield>
  </datafield>
  <datafield tag="650" ind1="2" ind2="4">
    <subfield code="a">PROBABILIDAD</subfield>
    <subfield code="9">1145</subfield>
  </datafield>
  <datafield tag="942" ind1=" " ind2=" ">
    <subfield code="c">LB</subfield>
  </datafield>
</record>
